000 02006nam0a2200337 4500
001 RU\NLR\bibl\890855
005 20260407083546.0
010 _a5-87677-044-2
_9500
021 _aRU
_b2005-61950
_93040
035 _a(NLR Aleph) 000879356
090 _a1649090
_c1649090
100 _a20051220d2005 |||y0rusy50 ca
101 0 _arus
102 _aRU
105 _ay |||||||||
200 1 _aПодвиги уроженцев Чувашии на фронтах Великой Отечественной войны (июнь 1941 г.-май 1945 г.)
_eсборник документов: извлечения из наградных листов
_fЧуваш. гос. ин-т гуманитар. наук
_g[сост., авт. предисл., коммент. и сокр. - к.ист.н. В.М. Михайлов
_gнауч. ред. - д.ист.н. И.И. Бойко]
210 _aЧебоксары
_cЧувашский государственный институт гуманитарных наук
_d2005
215 _a411 с.
_d21
320 _aБиблиогр. в подстроч. примеч.
606 0 _aВеликая Отечественная война
_jДокументы и материалы
_xГерои и героизм
_yЧувашская АССР
_z1941 - 1945
_92240665
_3RU\NLR\auth\661344537
686 _aЦ35(2)722-424д(2Р-6Чу),011
686 _aТ3(2)722.9-9(Р-6Чу),011
702 1 _4220
_7ca
_8rus
_aМихайлов
_bВ. М.
_cканд. ист. наук
_f1953-
_gВладимир Михайлович
_3RU\NLR\auth\7735631
_918628
702 1 _4340
_8rus
_7ca
_aБойко
_bИ. И.
_gИван Иванович
_3RU\NLR\auth\776537
_9116489
712 0 2 _4570
_aЧувашский государственный институт гуманитарных наук
_cЧебоксары
_3RU\NLR\AUTH\8810668
_9293940
801 0 _aRU
_bNLR
_c20051220
_grcr
801 1 _aRU
_bNLR
_c20051220
942 _cBOOK
980 _aNB
980 _aNBR